Universiteiten van Nederland met kaart - Statistieken

Algemene statistieken
  • Deze quiz is 151 keer genomen
  • De gemiddelde score is 12 van 15
Antwoorden op de kaart
Antwoorden kleurgecodeerd door een groen-rode schaal op de quizkaart volgens % correct hieronder.
 
Antwoordstatistieken
Antwoord % Correct
Algemeen Universiteit van Amsterdam
99%
Algemeen Rijksuniversiteit Groningen
98%
Algemeen Universiteit Utrecht
97%
Algemeen Erasmus Universiteit Rotterdam
96%
Algemeen Universiteit Maastricht
96%
Technisch Technische Universiteit Eindhoven
95%
Algemeen Universiteit Leiden
95%
Algemeen Radboud Universiteit Nijmegen
89%
Maatschappij Universiteit van Tilburg
88%
Technisch Technische Universiteit Delft
87%
Landbouw Wageningen Universiteit
77%
Technisch Universiteit Twente
70%
Algemeen Vrije Universiteit Amsterdam
63%
Particulier, Business Nyenrode Business Universiteit
33%
Online Open Universiteit
22%
Geen overeenkomende quizzen gevonden
Scoreverdeling
Procent van Mensen met Elke Score
Percentiel versus Aantal Correcte Antwoorden
Uw Scoregeschiedenis
U heeft deze quiz nog niet genomen